00708nam a22002057a 4500999001900000005001700019010001500036020002600051035001400077037001500091082000800106100002100114245007400135260003100209270008200240300002300322700002000345942002200365952011500387 c192409d19240920220921122715.0 aENG-135150 c200.00a9789389146417 aEN-118682 bDBAD / PUB a658 aChinna, P. Rajan aMaterial Management and Concepts/cP. Rajan Chinna and K. Aravindaraj aTamil NadubShanlax c2019 bTamil Nadua61, 66 T.P.K main road vasantha nagar maduraie625003k7639303383 a129p.c22cm (pbk). aAravindaraj, K. 2ddccENmCHIh658 001040708NFICaBNbBNd2022-09-21eDBAD/PUBg200.00l0o658 CHIpEN-118682r2022-09-21 00:00:00v200.00yEN